Fast Software Encryption. 19th International Workshop. FSE 2012 : Washington, DC, USA, March 19-21, 2012. Revised Selected Papers
Saved in:
| Other Authors: | |
|---|---|
| Format: | Book |
| Language: | English |
| Published: |
Berlin :
Springer Verlag,
2012
|
| Subjects: | |
| Tags: |
No Tags, Be the first to tag this record!
|
MARC
| LEADER | 00000nam a22000003a 4500 | ||
|---|---|---|---|
| 001 | stu282964 | ||
| 005 | 20150617230305.1 | ||
| 008 | 140128s--------gw------------------eng-d | ||
| 020 | |a 978-3-642-34046-8 | ||
| 040 | |a STU |b slo | ||
| 041 | 0 | |a eng | |
| 044 | |a gw | ||
| 080 | |a 004.056.53 | ||
| 080 | |a 519.72 | ||
| 100 | 1 | |a Canteaut, Anne |4 edt | |
| 245 | 1 | |a Fast Software Encryption. 19th International Workshop. FSE 2012 : |b Washington, DC, USA, March 19-21, 2012. Revised Selected Papers | |
| 260 | |a Berlin : |b Springer Verlag, |c 2012 | ||
| 300 | |a 461 s | ||
| 650 | 7 | |a kryptoanalýza |2 stusub | |
| 650 | 7 | |a kryptografia |2 stusub | |
| 996 | |b 284EK89299 |c E*89299 |l EE35 |s P |a 0 |w stu282964_0001 | ||